[Event "34th Chess Olympiad (men)"]
[Site "Istanbul"]
[Date "2000.11.12"]
[Round "14.18.4"]
[White "Inarkiev, Ernesto"]
[Black "Apicella, Manuel"]
[WhiteElo "2432"]
[BlackElo "2506"]
[WhiteCountry "KGZ"]
[BlackCountry "FRA"]
[Result "0-1"]

1. d4 Nf6 2. c4 g6 3. Nc3 Bg7 4. e4 d6 5. Nge2 O-O 6. Ng3 c5 7. d5 e6 
8. Be2 exd5 9. cxd5 Re8 10. O-O a6 11. a4 h5 12. Bg5 Nbd7 13. Qc2 Qc7 
14. Rfe1 Nh7 15. Bd2 h4 16. Nf1 h3 17. g3 Bd4 18. Be3 Ne5 19. Qd1 Qb6 
20. Ra2 Nf6 21. f3 Bd7 22. Kh1 Qb4 23. Qc2 b5 24. Bd2 bxa4 25. Rea1 Rab8 
26. Ne3 Qb7 27. Qd1 Bb5 28. Qf1 Qd7 29. Nc2 Rb7 30. Bc1 Reb8 31. Ra3 Kg7 
32. Qd1 Bxe2 33. Qxe2 Rb3 34. Rxa4 Bxc3 35. bxc3 Rxc3 36. Ne1 Rbb3 37. Bd2 Rxf3 
38. Nxf3 Nxf3 39. Rxa6 Nd4 40. Qf1 Rf3 41. Qc1 Qg4 42. Bh6+ Kh7 43. Bf8 Rf1+ 
44. Qxf1 Qxe4+ 45. Kg1 Nf3+ 46. Qxf3 Qxf3 47. R6a2 Qe3+ 48. Kh1 Ng4 
0-1

[Event "34th Chess Olympiad (men)"]
[Site "Istanbul"]
[Date "2000.11.12"]
[Round "14.19.2"]
[White "Morovic, Fernandez Ivan"]
[Black "Wohl, Aleksandar H"]
[WhiteElo "2608"]
[BlackElo "2461"]
[WhiteCountry "CRO"]
[BlackCountry "AUS"]
[Result "1-0"]

1. e4 Nf6 2. e5 Nd5 3. d4 d6 4. Nf3 g6 5. Bc4 c6 6. O-O Bg7 7. h3 O-O 
8. exd6 Qxd6 9. Re1 Nd7 10. Bb3 b5 11. a4 Bb7 12. Bxd5 Qxd5 13. Nc3 Qd6 
14. axb5 cxb5 15. Nxb5 Qb6 16. Nc3 e6 17. Ne5 Nxe5 18. dxe5 Qc6 19. Qg4 Rfd8 
20. Ra4 h5 21. Qg3 Rd7 22. Bg5 a6 23. b3 Qb6 24. Rc4 Bd5 25. Nxd5 exd5 
26. Ra4 Re8 27. Qd3 Bxe5 28. Rxa6 Qb8 29. Rf1 Bg7 30. Bf6 Bxf6 31. Rxf6 Qe5 
32. Rc6 Ra8 33. f4 Qe4 34. Qxe4 dxe4 35. Re1 Re8 36. Kf2 Rd2+ 37. Re2 Rd1 
38. Rc5 e3+ 39. Rxe3 Rd2+ 40. Ke1 Red8 41. Re8+ 
1-0

[Event "34th Chess Olympiad (men)"]
[Site "Istanbul"]
[Date "2000.11.12"]
[Round "14.19.4"]
[White "Rogic, Davor"]
[Black "Zhao, Zong"]
[WhiteElo "2501"]
[BlackElo "2341"]
[WhiteCountry "CRO"]
[BlackCountry "AUS"]
[Result "0-1"]

1. e4 c5 2. Nf3 e6 3. d4 cxd4 4. Nxd4 Nf6 5. Bd3 a6 6. O-O d6 7. Qe2 Bd7 
8. c4 Nc6 9. Nb3 Ne5 10. Nc3 Be7 11. Bf4 Rc8 12. Rac1 O-O 13. Rfd1 Qc7 
14. Nd2 Rfd8 15. h3 Qb8 16. a4 b6 17. Bb1 Bc6 18. Be3 Ned7 19. Bc2 Qa8 
20. f3 Bf8 21. Qf2 Re8 22. Kh1 d5 23. cxd5 exd5 24. exd5 Nxd5 25. Nxd5 Bxd5 
26. Ne4 Nc5 27. Nxc5 Bxc5 28. Bxc5 Rxc5 29. b4 Rcc8 30. Bf5 Rxc1 31. Rxc1 g6 
32. Bd7 Rd8 33. Rc7 Qb8 34. Qc2 a5 35. bxa5 bxa5 36. Bb5 Be6 37. Qc3 Qb6 
38. Qc5 Qb8 39. Qa7 Rd1+ 40. Kh2 Qd8 41. Qc5 Qd2 42. Kg3 h5 43. Re7 h4+ 
44. Kxh4 Qf4+ 45. g4 Rd5 
0-1

[Event "34th Chess Olympiad (men)"]
[Site "Istanbul"]
[Date "2000.11.12"]
[Round "14.20.1"]
[White "Svetushkin, Dmitry"]
[Black "Fernandes, Antonio"]
[WhiteElo "2472"]
[BlackElo "2438"]
[WhiteCountry "MDA"]
[BlackCountry "POR"]
[Result "0-1"]

1. e4 c6 2. d4 d5 3. e5 Bf5 4. Nc3 Qb6 5. Nf3 e6 6. Be2 h6 7. O-O Nd7 8. b3 Qa5 
9. Na4 b5 10. Nb2 Bb4 11. a4 Bc3 12. Bd2 b4 13. Bxc3 bxc3 14. Nd3 Bxd3 
15. Bxd3 Ne7 16. Ne1 Qb4 17. Nf3 a5 18. Qe2 O-O 19. Rfd1 f5 20. g3 Rac8 
21. h4 Rc7 22. Qe3 Nb8 23. Kg2 c5 24. dxc5 Nbc6 25. Bb5 f4 26. Qd3 fxg3 
27. fxg3 Qxc5 28. Bxc6 Nxc6 29. Rf1 Rb7 30. Rae1 Rf5 31. Re3 d4 32. Ree1 Nxe5 
33. Nxe5 Rxe5 34. Rxe5 Qxe5 35. Rf4 Qd5+ 
0-1

[Event "34th Chess Olympiad (men)"]
[Site "Istanbul"]
[Date "2000.11.12"]
[Round "14.20.2"]
[White "Galego, Luis"]
[Black "Sanduleac, Vasile"]
[WhiteElo "2419"]
[BlackElo "2438"]
[WhiteCountry "POR"]
[BlackCountry "MDA"]
[Result "1/2-1/2"]

1. e4 c6 2. d3 d5 3. Nd2 Na6 4. Ngf3 Bg4 5. Be2 Nf6 6. e5 Nd7 7. h3 Bxf3 
8. Nxf3 e6 9. O-O c5 10. c3 Be7 11. d4 Nab8 12. Bd3 Nc6 13. a3 a5 14. Be3 Qb6 
15. Rb1 Qc7 16. Re1 c4 17. Bc2 O-O-O 18. a4 h6 19. Nd2 f5 20. exf6 gxf6 
21. b3 cxb3 22. Rxb3 f5 23. Nf3 Nf6 24. Ne5 Bd6 25. Bf4 Ne4 26. Nxc6 Qxc6 
27. Bxd6 Qxd6 28. Qe2 Rhg8 29. Bxe4 fxe4 30. Qb5 Rd7 31. Qb6 Qxb6 32. Rxb6 Rg6 
33. Rb5 Rdg7 34. g3 Rf7 35. Rxa5 Rf3 36. Rc5+ Kb8 37. c4 Rc3 38. cxd5 Rxc5 
39. dxc5 exd5 40. Rd1 Rg5 41. h4 Re5 42. Kf1 Kc7 43. Ke2 Kc6 44. Rb1 d4 
45. Rb6+ Kxc5 46. Rb5+ Kd6 47. Rxb7 Kc6 48. Rb4 Rd5 49. Rb5 d3+ 50. Kd2 Rd4 
51. Ra5 Rb4 52. Ke3 Rb1 53. Rf5 Re1+ 54. Kd2 Re2+ 55. Kd1 Ra2 56. a5 Ra1+ 
57. Kd2 Ra2+ 58. Kd1 Ra1+ 
1/2-1/2

[Event "34th Chess Olympiad (men)"]
[Site "Istanbul"]
[Date "2000.11.12"]
[Round "14.21.2"]
[White "Spraggett, Kevin"]
[Black "Labib, Ibrahim Hasan"]
[WhiteElo "2501"]
[BlackElo "2426"]
[WhiteCountry "CAN"]
[BlackCountry "EGY"]
[Result "1-0"]

1. d4 Nf6 2. c4 e6 3. Nf3 b6 4. e3 Bb7 5. Bd3 c5 6. O-O Be7 7. Nc3 cxd4 
8. exd4 O-O 9. b3 d5 10. Bb2 Nbd7 11. Re1 Rc8 12. Rc1 Re8 13. Qe2 dxc4 
14. bxc4 Nf8 15. Ne5 Ng6 16. Qe3 Bd6 17. Red1 Qe7 18. Nb5 Ba8 19. Bf1 Bb8 
20. Ba3 Qb7 21. f3 Nh4 22. Qf2 Nf5 23. Ng4 a6 24. Nxf6+ gxf6 25. Nc3 Qc7 
26. g3 Kh8 27. Ne4 Rg8 28. d5 Rg6 29. d6 Qd8 30. Bg2 e5 31. Bh3 Qd7 
32. Bxf5 Qxf5 33. d7 Rd8 34. Qxb6 Ba7 35. Qxa7 Qxf3 36. Rd5 Qxa3 37. Rcd1 Bxd5 
38. Rxd5 Qc1+ 39. Kf2 Qc2+ 40. Nd2 Qf5+ 41. Ke1 Qe6 42. Qc7 Rgg8 43. Qd6 e4 
44. c5 e3 45. Nb3 Rg7 46. c6 Qe4 47. c7 Qh1+ 48. Ke2 Qg2+ 49. Kxe3 Qg1+ 
50. Kd3 Qb1+ 51. Kc3 
1-0

[Event "34th Chess Olympiad (men)"]
[Site "Istanbul"]
[Date "2000.11.12"]
[Round "14.21.4"]
[White "Yoos, Jack"]
[Black "El Arousy Abdul, Hameed"]
[WhiteElo "2000"]
[BlackElo "2363"]
[WhiteCountry "CAN"]
[BlackCountry "EGY"]
[Result "0-1"]

1. e4 e6 2. d4 d5 3. e5 c5 4. c3 Nc6 5. Nf3 Nge7 6. Bd3 cxd4 7. cxd4 Nf5 
8. Bxf5 exf5 9. Nc3 Be6 10. Ne2 Be7 11. h4 h6 12. Nf4 g6 13. Kf1 Qb6 
14. Kg1 O-O-O 15. Nd3 g5 16. hxg5 hxg5 17. Rxh8 Rxh8 18. Bxg5 Bxg5 
19. Nxg5 Qxd4 20. Rc1 Kb8 21. Nf3 Qg4 22. Qb3 Rg8 23. Nde1 d4 24. Qa3 Qe4 
25. Qd6+ Ka8 26. Nd2 Qxe5 27. Qxe5 Nxe5 28. b3 Kb8 29. Ndf3 Nc6 30. Rd1 Rd8 
31. Nd3 Bd5 32. Nfe1 Be4 33. Kf1 Re8 34. Nf4 Rd8 35. f3 Bd5 36. Nc2 Be6 
37. Nd3 b6 38. Kf2 a5 39. Kg3 Rg8+ 40. Kf2 Kb7 41. Nf4 Rd8 42. Rd3 a4 
43. Ne2 axb3 44. axb3 Bxb3 45. Rxb3 d3 46. Rb2 dxe2 47. Kxe2 f4 48. Rb5 Re8+ 
49. Kd3 Rd8+ 50. Ke2 Rc8 51. Rf5 Ne7 52. Rxf7 Rxc2+ 53. Kd3 Rc7 54. Rxf4 b5 
55. Rb4 Kb6 56. g4 Ka5 57. Re4 b4 58. f4 b3 59. Re1 Kb4 60. f5 b2 61. Kd4 Rc4+ 
62. Ke5 Rc1 63. Re4+ Kc5 64. Kf6 Nd5+ 
0-1

[Event "34th Chess Olympiad (men)"]
[Site "Istanbul"]
[Date "2000.11.12"]
[Round "14.23.1"]
[White "Kotsur, Pavel"]
[Black "Zulfugarli, Magomed"]
[WhiteElo "2589"]
[BlackElo "2510"]
[WhiteCountry "KAZ"]
[BlackCountry "AZE"]
[Result "0-1"]

1. e4 e5 2. Nf3 Nf6 3. d4 Nxe4 4. dxe5 d5 5. Nbd2 Nxd2 6. Bxd2 Be7 7. Bd3 Bg4 
8. h3 Bh5 9. O-O O-O 10. Re1 Nd7 11. c3 Nc5 12. Bc2 Ne6 13. Bf5 c6 14. g4 Bg6 
15. Qc2 Bg5 16. Rad1 Bxd2 17. Qxd2 Qe7 18. Kh2 Rae8 19. Qe3 Kh8 20. Nd4 Rd8 
21. Qg3 a6 22. h4 c5 23. Nf3 h6 24. Nd2 b5 25. f4 c4 26. Nf3 Nc5 27. Nd4 Qc7 
28. h5 Bh7 29. g5 Ne4 30. Rxe4 dxe4 31. Bxh7 Kxh7 32. Rg1 Rg8 33. g6+ fxg6 
34. Qxg6+ Kh8 35. Qxe4 b4 36. Rg6 bxc3 37. bxc3 Rb8 38. f5 Rb2+ 39. Kh3 Qa5 
40. Qe3 Re8 41. e6 Qd5 42. Rg1 Rxa2 43. Qg3 Re7 44. Rb1 Re8 45. Qg6 Rg8 
46. Re1 Qd6 47. Qg3 Qe7 48. Nc6 Qf6 49. Qf3 g6 50. hxg6 Rxg6 51. e7 Rh2+ 
0-1

[Event "34th Chess Olympiad (men)"]
[Site "Istanbul"]
[Date "2000.11.12"]
[Round "14.23.2"]
[White "Maherramzade, Javad"]
[Black "Vladimirov, Evgeny"]
[WhiteElo "2433"]
[BlackElo "2598"]
[WhiteCountry "AZE"]
[BlackCountry "KAZ"]
[Result "1-0"]

1. d4 g6 2. Nf3 Bg7 3. c4 d6 4. g3 Nd7 5. Bg2 e5 6. Nc3 Ne7 7. O-O O-O 
8. dxe5 dxe5 9. Qc2 Nf5 10. Bg5 f6 11. Bd2 c6 12. Ne4 Qe7 13. c5 Nh6 
14. Nd6 Nf7 15. Nxc8 Raxc8 16. e4 Qxc5 17. Qxc5 Nxc5 18. Bb4 b6 19. Bxc5 bxc5 
20. Rac1 Nd6 21. Rxc5 Nxe4 22. Ra5 Nd6 23. Rxa7 Rf7 24. Ra6 Rb7 25. b3 Nb5 
26. Re1 Ra7 27. Rxa7 Nxa7 28. g4 Re8 29. Nd2 Bf8 30. Nc4 Bc5 31. g5 Rf8 
32. gxf6 Rxf6 33. Re2 Bd4 34. Nxe5 Re6 35. Re4 c5 36. Nd3 Ra6 37. a4 Kf8 
38. Rf4+ Ke7 39. Bd5 Rf6 40. Rxf6 Kxf6 41. Bb7 Ke6 42. Kg2 Kd6 43. Kf3 Kc7 
44. Bd5 Nc8 45. Bg8 h6 46. Ke4 Kc6 47. Bd5+ Kd7 48. Bc4 Kc6 49. Bb5+ Kb6 
50. Bd7 Ne7 51. b4 Bc3 52. bxc5+ Kc7 53. Be8 g5 54. h3 Kd8 55. Bf7 Kc7 
56. f3 Kc6 57. Be8+ Kc7 58. Ne5 Bb4 59. Kd4 Nf5+ 60. Kc4 Bd2 61. Bg6 Nh4 
62. Be4 Ng2 63. Kb5 Nf4 64. a5 Ne2 65. a6 Nc3+ 66. Kc4 Nxe4 67. fxe4 h5 
68. Kd5 Bf4 69. Ng6 Be3 70. e5 g4 71. hxg4 hxg4 72. e6 Bg5 73. Ke4 
1-0

[Event "34th Chess Olympiad (men)"]
[Site "Istanbul"]
[Date "2000.11.12"]
[Round "14.23.3"]
[White "Sadvakasov, Darmen"]
[Black "Bagirov, Rufat"]
[WhiteElo "2509"]
[BlackElo "2471"]
[WhiteCountry "KAZ"]
[BlackCountry "AZE"]
[Result "1-0"]

1. e4 e6 2. d4 d5 3. Nc3 Nf6 4. Bg5 Be7 5. e5 Nfd7 6. Bxe7 Qxe7 7. f4 O-O 
8. Qd2 c5 9. Nf3 Nc6 10. dxc5 f6 11. exf6 Qxf6 12. g3 Nxc5 13. O-O-O Rd8 
14. Qf2 d4 15. Nb5 e5 16. Ng5 Bf5 17. Bc4+ Kf8 18. g4 Bg6 19. Nc7 Rac8 
20. Nge6+ Nxe6 21. Nxe6+ Ke7 22. f5 Rd6 23. Nc5 Bxf5 24. gxf5 Nb4 25. Ne4 Qh6+ 
26. Kb1 Rxc4 27. Nxd6 Qxd6 28. c3 Nc6 29. Rhe1 Kf8 30. Qe2 Rc5 31. Qh5 Rb5 
32. Qxh7 Qa3 33. Qh8+ Kf7 34. Qh5+ Kf8 35. Qh8+ Kf7 36. Qh5+ Kf8 37. Qe2 Rb6 
38. cxd4 Na5 39. Rc1 
1-0

[Event "34th Chess Olympiad (men)"]
[Site "Istanbul"]
[Date "2000.11.12"]
[Round "14.24.2"]
[White "Sommerbauer, Norbert"]
[Black "Stohl, Igor"]
[WhiteElo "2391"]
[BlackElo "2578"]
[WhiteCountry "AUT"]
[BlackCountry "SVK"]
[Result "1/2-1/2"]

1. Nf3 g6 2. c4 Bg7 3. e4 d6 4. d4 Bg4 5. Be2 Nc6 6. Be3 e5 7. d5 Bxf3 
8. Bxf3 Nd4 9. Bxd4 exd4 10. Na3 Ne7 11. O-O O-O 12. Nc2 c5 13. Rb1 Nc8 
14. b4 Qc7 15. Qd3 Nb6 16. bxc5 Qxc5 17. Rfd1 Nxc4 18. Nxd4 Ne5 19. Qe2 Rab8 
20. Rb5 Qc7 21. Rbb1 Rfc8 22. g3 Qc4 23. Nb5 Qc5 24. Bg2 a6 25. Nd4 h5 
26. Bh3 Rc7 27. Nb3 Qc2 28. Kf1 Qxe2+ 29. Kxe2 Re8 30. f3 b5 31. Rdc1 Nc4 
32. Na5 f5 33. Nxc4 bxc4 34. Rb6 fxe4 35. Be6+ Kh7 36. Rxd6 exf3+ 37. Kxf3 c3 
38. Rc2 Rf8+ 39. Ke3 Rb7 40. Rd7 Rxd7 41. Bxd7 Bh6+ 42. Kd4 Bd2 43. Ba4 Kg7 
44. d6 Kf7 45. Ke4 
1/2-1/2

[Event "34th Chess Olympiad (men)"]
[Site "Istanbul"]
[Date "2000.11.12"]
[Round "14.24.3"]
[White "Timoscenko, Genadij"]
[Black "Miniboeck, Guenter"]
[WhiteElo "2529"]
[BlackElo "2413"]
[WhiteCountry "SVK"]
[BlackCountry "AUT"]
[Result "1-0"]

1. d4 Nf6 2. c4 e6 3. Nf3 b6 4. Nc3 Bb7 5. a3 d5 6. Qc2 dxc4 7. e4 c5 
8. d5 exd5 9. exd5 a6 10. Bxc4 b5 11. Ba2 Bd6 12. O-O O-O 13. Bg5 Nbd7 
14. Rad1 Re8 15. Bh4 Qc7 16. Bg3 Rac8 17. Ng5 b4 18. Nce4 Nxe4 19. Nxe4 Bxg3 
20. fxg3 Qe5 21. Qf2 f6 22. Rfe1 Qb8 23. Qf5 Rcd8 24. d6+ Kh8 25. Nxc5 Rxe1+ 
26. Rxe1 Nxc5 27. Qxc5 bxa3 28. bxa3 h6 29. Bb1 g6 30. Qe3 g5 31. Qe7 Rd7 
32. Qxf6+ Kg8 33. Qg6+ 
1-0

[Event "34th Chess Olympiad (men)"]
[Site "Istanbul"]
[Date "2000.11.12"]
[Round "14.24.4"]
[White "Neubauer, Martin"]
[Black "Mrva, Martin"]
[WhiteElo "2369"]
[BlackElo "2468"]
[WhiteCountry "AUT"]
[BlackCountry "SVK"]
[Result "0-1"]

1. e4 c5 2. c3 d6 3. d4 Nf6 4. Bd3 Nfd7 5. Nf3 g6 6. O-O Bg7 7. Be3 O-O 
8. Nbd2 cxd4 9. cxd4 d5 10. e5 Nc6 11. Ng5 Ndxe5 12. dxe5 Nxe5 13. Bc2 Ng4 
14. Ngf3 Nxe3 15. fxe3 Qb6 16. Qe2 Qxb2 17. Bb3 Bf5 18. Bxd5 Qa3 19. e4 Bxa1 
20. Rxa1 Bg4 21. h3 Bxf3 22. Nxf3 e6 23. Bb3 Rac8 24. Qd2 Rfd8 25. Qh6 Qf8 
26. Qh4 h6 27. Rf1 Qg7 28. Kh1 Rd7 29. Nh2 h5 30. Nf3 Rc5 31. Ng5 Qe5 
32. Nf3 Qc7 33. Qf6 Qd8 34. Qf4 Rdc7 35. e5 Qd3 36. Qh6 Qxf1+ 37. Kh2 Qc1 
38. Ng5 Qf4+ 
0-1

[Event "34th Chess Olympiad (men)"]
[Site "Istanbul"]
[Date "2000.11.12"]
[Round "14.25.1"]
[White "Stefansson, Hannes"]
[Black "Dao, Thien Hai"]
[WhiteElo "2557"]
[BlackElo "2555"]
[WhiteCountry "ISL"]
[BlackCountry "VIE"]
[Result "1/2-1/2"]

1. e4 c5 2. Nf3 d6 3. d4 cxd4 4. Nxd4 Nf6 5. Nc3 a6 6. Be2 g6 7. O-O Bg7 
8. Bg5 O-O 9. f4 Nc6 10. Nb3 Bd7 11. Kh1 Rc8 12. Bf3 Be6 13. Qe1 b5 14. Nd5 a5 
15. c3 a4 16. Nc1 Nd7 17. Nd3 Re8 18. Rd1 f6 19. Bh4 Bf7 20. Qf2 e6 
21. N5b4 Na5 22. e5 d5 23. exf6 Nxf6 24. Ne5 Qc7 25. Bxf6 Bxf6 26. Nxf7 Kxf7 
27. f5 exf5 28. Rxd5 Re5 29. Rfd1 Rxd5 30. Rxd5 a3 31. Rxb5 axb2 32. Nd5 Rb8 
33. Rxb2 Rxb2 34. Qxb2 Nc4 35. Qf2 Qb8 36. g3 Ne5 37. Nb4 Qc7 38. Nd5 Qa5 
39. Bg2 Ng4 40. Qe2 h5 41. h3 Ne5 42. Qb2 Qa7 43. Qb3 Kg7 44. a4 Bg5 
45. Qb5 Qf2 46. Qb7+ Nf7 47. h4 Qe1+ 48. Kh2 f4 49. Nxf4 Bxf4 50. gxf4 Qxh4+ 
51. Kg1 Qe1+ 52. Kh2 
1/2-1/2

[Event "34th Chess Olympiad (men)"]
[Site "Istanbul"]
[Date "2000.11.12"]
[Round "14.25.3"]
[White "Thorhallsson, Throstur"]
[Black "Tu Hoang, Thong"]
[WhiteElo "2454"]
[BlackElo "2514"]
[WhiteCountry "ISL"]
[BlackCountry "VIE"]
[Result "0-1"]

1. e4 e5 2. Nf3 Nc6 3. d4 exd4 4. Nxd4 Nf6 5. Nxc6 bxc6 6. e5 Qe7 7. Qe2 Nd5 
8. c4 Nb6 9. Nd2 Qe6 10. b3 Rb8 11. Qe3 Bb4 12. Be2 O-O 13. O-O d5 14. Nf3 dxc4 
15. Nd4 Qd7 16. Nc2 Nd5 17. Qg3 Bc3 18. Bh6 f5 19. Rad1 f4 20. Bxf4 Qf5 
21. Bxc4 Qxc2 22. Bg5 Qg6 23. Qxc3 Qxg5 24. Rd3 Ba6 25. Rg3 Bxc4 26. Qxc4 Qxe5 
27. Qxc6 Rb6 28. Qc4 Rbf6 29. h3 Kh8 30. Qc5 Qd6 31. Qxa7 Nf4 32. Kh1 Nd3 
33. f4 Nxf4 34. Rgf3 Ne2 35. Rxf6 gxf6 36. Re1 Ng3+ 37. Kg1 c5 38. Re7 Qd3 
39. Qxc5 Qf1+ 40. Kh2 Rg8 41. Qg1 Qf4 
0-1

[Event "34th Chess Olympiad (men)"]
[Site "Istanbul"]
[Date "2000.11.12"]
[Round "14.25.4"]
[White "Tu Hoang, Thai"]
[Black "Kristjansson, Stefan"]
[WhiteElo "2335"]
[BlackElo "2281"]
[WhiteCountry "VIE"]
[BlackCountry "ISL"]
[Result "1/2-1/2"]

1. d4 d5 2. Nf3 Nf6 3. Bf4 c6 4. e3 Bf5 5. Nbd2 e6 6. Be2 h6 7. h3 Nbd7 
8. O-O Be7 9. c4 O-O 10. Qb3 Qc8 11. Rac1 Ne4 12. Nxe4 Bxe4 13. Nd2 Bg6 
14. Bd3 Bxd3 15. Qxd3 Rd8 16. cxd5 exd5 17. Nb3 Nf8 18. Bg3 
1/2-1/2

[Event "34th Chess Olympiad (men)"]
[Site "Istanbul"]
[Date "2000.11.12"]
[Round "14.26.1"]
[White "Campora, Daniel H"]
[Black "Handoko, Edhi"]
[WhiteElo "2526"]
[BlackElo "2435"]
[WhiteCountry "ARG"]
[BlackCountry "INA"]
[Result "1-0"]

1. e4 e5 2. Nf3 Nf6 3. Nc3 Nc6 4. Bb5 Nd4 5. Ba4 Bc5 6. Nxe5 O-O 7. Nd3 Bb6 
8. e5 Ne8 9. Nd5 d6 10. Ne3 dxe5 11. Nxe5 Qg5 12. N5c4 f5 13. f4 Qxf4 
14. c3 Nc6 15. d4 Be6 16. Bb3 Bxc4 17. Nxc4 Qh4+ 18. g3 Qe4+ 19. Kf2 Kh8 
20. Re1 Qg4 21. Qxg4 fxg4+ 22. Kg2 Nf6 23. Nxb6 axb6 24. Bf4 Na5 25. Bxc7 Nxb3 
26. axb3 Rxa1 27. Rd1 Rb1 28. Rxb1 Nd5 29. Ra1 Re8 30. Be5 h5 31. Kf2 Kh7 
32. Ra7 Re7 33. Ra8 Rd7 34. Rf8 Kg6 35. Ke2 Ne7 36. Ke3 Nc6 37. b4 b5 
38. Ke4 Ne7 39. Ra8 Nd5 40. Ra5 Nb6 41. Rxb5 Nc4 42. Bf4 Re7+ 43. Kd5 Nxb2 
44. Kd6 Kf7 45. Rf5+ Ke8 46. Rxh5 Na4 47. c4 Nc3 48. Kc5 g5 49. Be5 Kd7 
50. b5 Ke6 51. Kb4 Ne4 52. Rh8 Nd2 53. Rf8 Nf3 54. Rf6+ Kd7 55. Rd6+ Kc8 
56. Bf6 Re8 57. b6 Nxh2 58. Bxg5 Nf3 59. Rd5 Ne1 60. Kc3 Ng2 61. Rc5+ Kb8 
62. Bf6 
1-0

[Event "34th Chess Olympiad (men)"]
[Site "Istanbul"]
[Date "2000.11.12"]
[Round "14.26.2"]
[White "Gunawan, Ruben"]
[Black "Hoffman, Alejandro"]
[WhiteElo "2503"]
[BlackElo "2491"]
[WhiteCountry "INA"]
[BlackCountry "ARG"]
[Result "1-0"]

1. d4 d5 2. Nf3 Nf6 3. c4 e6 4. Nc3 Be7 5. Bg5 O-O 6. e3 Nbd7 7. Rc1 dxc4 
8. Bxc4 a6 9. e4 b5 10. Bd3 Bb7 11. e5 Nd5 12. Ne4 Bxg5 13. Nexg5 h6 
14. Ne4 Nf4 15. O-O f5 16. exf6 Nxf6 17. Nc5 Bd5 18. Re1 Nxd3 19. Qxd3 Nh5 
20. Ne4 Nf4 21. Qe3 Qe8 22. Ne5 Qh5 23. a3 Rac8 24. f3 Qe8 25. Nc5 Ng6 
26. Ned3 Nh4 27. Nf4 a5 28. Ncxe6 Bxe6 29. Qxe6+ Qf7 30. Re4 Nf5 31. Rc5 Nd6 
32. Re2 a4 33. Ng6 Rfe8 34. Ne7+ Kf8 35. Qxf7+ Nxf7 36. Rxc7 Rcd8 37. h4 Nd6 
38. Re5 Nf7 39. Ng6+ Kg8 40. Rxb5 
1-0

[Event "34th Chess Olympiad (men)"]
[Site "Istanbul"]
[Date "2000.11.12"]
[Round "14.26.3"]
[White "Soppe, Guillermo"]
[Black "Juswanto, Denny"]
[WhiteElo "2471"]
[BlackElo "2483"]
[WhiteCountry "ARG"]
[BlackCountry "INA"]
[Result "1-0"]

1. d4 Nf6 2. Nf3 e6 3. c4 b6 4. Nc3 Bb7 5. a3 d5 6. Bg5 Be7 7. Qa4+ c6 
8. Bxf6 Bxf6 9. cxd5 exd5 10. g3 O-O 11. Bg2 c5 12. O-O c4 13. Rad1 a6 
14. Ne5 b5 15. Qc2 Ra7 16. Ng4 Be7 17. Ne3 Nc6 18. Nexd5 Bd6 19. e4 f6 
20. Kh1 Bb8 21. f4 Ba8 22. e5 Na5 23. Nb4 Bxg2+ 24. Qxg2 Qe8 25. Rfe1 fxe5 
26. dxe5 Kh8 27. Ne4 h6 28. Nd6 Qg6 29. e6 Re7 30. f5 Qh5 31. Nf7+ Kh7 
32. Rf1 Rexf7 33. exf7 Rxf7 34. Nxa6 Be5 35. Nb4 c3 36. bxc3 Nc4 37. Nd5 Rxf5 
38. Rxf5 Qxf5 39. Rf1 Qg6 40. Qe2 Qd6 41. Qf3 Qxa3 42. Qf5+ Kg8 43. Qf7+ Kh7 
44. Qe8 Bd6 45. Nf6+ gxf6 46. Qf7+ Kh8 47. Qxf6+ Kg8 48. Qf7+ 
1-0

[Event "34th Chess Olympiad (men)"]
[Site "Istanbul"]
[Date "2000.11.12"]
[Round "14.27.1"]
[White "Baburin, Alexander"]
[Black "Egger, Jorge"]
[WhiteElo "2590"]
[BlackElo "2433"]
[WhiteCountry "IRL"]
[BlackCountry "CHI"]
[Result "1-0"]

1. d4 Nf6 2. c4 c6 3. Nf3 d5 4. e3 Bf5 5. Nc3 e6 6. Nh4 Bg4 7. Qb3 Qb6 
8. h3 Bh5 9. g4 Bg6 10. c5 Qc7 11. Nxg6 hxg6 12. g5 Ng8 13. e4 Nd7 
14. exd5 exd5 15. Ne2 Ne7 16. Bf4 Qa5+ 17. Bd2 Qc7 18. O-O-O b6 19. Bf4 Qb7 
20. h4 O-O-O 21. cxb6 Qxb6 22. Qc2 Nf5 23. Rh3 Bd6 24. Rc3 Nb8 25. Bh3 Bxf4+ 
26. Nxf4 Rxh4 27. Bxf5+ gxf5 28. Qxf5+ Rd7 29. Nxd5 Qb5 
1-0

[Event "34th Chess Olympiad (men)"]
[Site "Istanbul"]
[Date "2000.11.12"]
[Round "14.27.3"]
[White "Heidenfeld, Mark"]
[Black "Michel, Yunis Christian D"]
[WhiteElo "2375"]
[BlackElo "2380"]
[WhiteCountry "IRL"]
[BlackCountry "CHI"]
[Result "1/2-1/2"]

1. e4 Nf6 2. e5 Nd5 3. d4 d6 4. c4 Nb6 5. exd6 cxd6 6. Nc3 g6 7. Be3 Bg7 
8. Rc1 O-O 9. b3 e5 10. dxe5 dxe5 11. Qxd8 Rxd8 12. c5 N6d7 13. Bc4 Nc6 
14. Ne4 Na5 15. Bg5 Rf8 16. Bd5 h6 17. Bd2 Nc6 18. Ne2 Kh7 19. b4 Nf6 
20. Nxf6+ Bxf6 21. b5 Ne7 22. Bf3 Bg5 23. Rd1 Bxd2+ 24. Rxd2 Rb8 25. O-O Be6 
26. Nc3 Rfc8 27. Na4 Kg7 28. Re1 f6 29. g4 Kf7 30. h3 Rc7 31. Rb1 f5 
32. gxf5 Nxf5 33. Rb4 Nd4 34. Bg2 Rd8 35. Kh1 g5 36. b6 axb6 37. Rxb6 Ra8 
38. Nc3 Rxc5 39. Rxb7+ Kg6 40. Rb6 Re8 41. Ne2 Nxe2 42. Rxe2 Kg7 43. Kh2 Re7 
44. a4 Bd5 45. Bxd5 Rxd5 46. Rb5 Red7 47. Rxe5 Rxe5 48. Rxe5 Rd2 49. Kg3 Ra2 
50. Re4 Kg6 51. h4 Ra3+ 52. f3 Kh5 
1/2-1/2

[Event "34th Chess Olympiad (men)"]
[Site "Istanbul"]
[Date "2000.11.12"]
[Round "14.27.4"]
[White "Salas, Cristian"]
[Black "Daly, Colm"]
[WhiteElo "2300"]
[BlackElo "2357"]
[WhiteCountry "CHI"]
[BlackCountry "IRL"]
[Result "0-1"]

1. d4 Nf6 2. c4 g6 3. Nc3 Bg7 4. e4 d6 5. Be2 O-O 6. Bg5 Na6 7. Nf3 c5 
8. d5 Nc7 9. O-O h6 10. Bf4 Nfe8 11. Qd2 Kh7 12. Rfd1 a6 13. a4 Bd7 14. Bg3 e5 
15. dxe6 Nxe6 16. e5 Bc6 17. exd6 Nd4 18. Nxd4 cxd4 19. Nd5 Nxd6 20. Nb4 Ne4 
21. Qc2 Nxg3 22. hxg3 a5 23. Nd3 Qf6 24. Bf1 h5 25. Re1 Qf5 26. b3 Bf6 
27. Qd2 Kg7 28. Nf4 Rh8 29. Bd3 Qg5 30. Rad1 h4 31. Nh3 Qxd2 32. Rxd2 Bd7 
33. Nf4 Bg5 34. Bf1 Bf5 35. Rxd4 hxg3 36. fxg3 Bf6 37. Rd5 Bc2 38. Re3 Rhd8 
39. Rxd8 Rxd8 40. Ne2 Rd2 41. Rf3 Rd1 42. Nc3 Bd4+ 43. Kh2 Re1 44. c5 f5 
45. Bc4 Re8 46. g4 Rh8+ 47. Kg3 f4+ 48. Kxf4 Rf8+ 49. Kg3 Rxf3+ 50. gxf3 Bxc3 
51. Bd5 Bd4 52. c6 bxc6 53. Bxc6 Bxb3 54. f4 Bd1 55. g5 Be3 56. Bb5 Kf7 
57. Bc4+ Ke7 58. Bb5 Bc2 59. Bc6 Kd6 60. Be8 Bf5 61. Kf3 Bc1 62. Bf7 Bc2 
63. Be8 Kc5 64. Kg3 Kd4 65. Kf3 Be4+ 66. Kg4 Bd2 67. Bd7 Bc3 68. f5 Bxf5+ 
69. Bxf5 gxf5+ 70. Kxf5 Kc4 
0-1

[Event "34th Chess Olympiad (men)"]
[Site "Istanbul"]
[Date "2000.11.12"]
[Round "14.28.1"]
[White "Wu, Shaobin"]
[Black "Moussa, Othman"]
[WhiteElo "2523"]
[BlackElo "2375"]
[WhiteCountry "SIN"]
[BlackCountry "UAE"]
[Result "1-0"]

1. d4 Nf6 2. c4 e6 3. Nf3 Bb4+ 4. Nbd2 O-O 5. a3 Be7 6. e4 d5 7. e5 Ne4 
8. Qc2 Nxd2 9. Bxd2 dxc4 10. Bxc4 Nd7 11. h4 Re8 12. Rc1 Nf8 13. Bd3 Bd7 
14. Be4 c5 15. dxc5 Rc8 16. b4 Qc7 17. h5 Bc6 18. O-O Red8 19. Rfd1 Bxe4 
20. Qxe4 Rd5 21. Be3 Rcd8 22. Rxd5 Rxd5 23. Qg4 Nd7 24. Bh6 g6 25. Bf4 Rd3 
26. hxg6 hxg6 27. Ng5 Nf8 28. Ne4 Qc6 29. Nd6 Bxd6 30. cxd6 Rc3 31. Rd1 Rxa3 
32. d7 Nxd7 33. Qh4 Qa4 34. Qd8+ Nf8 35. Bh6 Qxb4 36. Qf6 
1-0

[Event "34th Chess Olympiad (men)"]
[Site "Istanbul"]
[Date "2000.11.12"]
[Round "14.28.3"]
[White "Hsu, Li Yang"]
[Black "Saleh, Jasim"]
[WhiteElo "2440"]
[BlackElo "2356"]
[WhiteCountry "SIN"]
[BlackCountry "UAE"]
[Result "1-0"]

1. d4 g6 2. c4 Bg7 3. g3 d6 4. Bg2 Nc6 5. Nf3 e5 6. Nc3 Nxd4 7. Nxd4 exd4 
8. Nb5 c5 9. Qa4 Kf8 10. Bf4 Be5 11. e3 Bxf4 12. gxf4 dxe3 13. O-O-O e2 
14. Rd2 Qe7 15. Re1 Bg4 16. h3 Bh5 17. Nxd6 Rd8 18. Qxa7 Nh6 19. Qxc5 Nf5 
20. Qe5 
1-0

[Event "34th Chess Olympiad (men)"]
[Site "Istanbul"]
[Date "2000.11.12"]
[Round "14.28.4"]
[White "Hossein, Mohamed"]
[Black "Chan, Peng-Kong"]
[WhiteElo "2113"]
[BlackElo "2395"]
[WhiteCountry "UAE"]
[BlackCountry "SIN"]
[Result "0-1"]

1. Nf3 d6 2. c4 e5 3. d4 e4 4. Nfd2 f5 5. e3 Nf6 6. Nc3 Nc6 7. Be2 g6 8. b3 Bg7 
9. Bb2 O-O 10. O-O Ne7 11. Re1 c6 12. Ba3 Kh8 13. Rc1 a6 14. f3 d5 
15. cxd5 cxd5 16. Bxe7 Qxe7 17. Na4 Be6 18. Nb6 Rad8 19. f4 g5 20. g3 Rg8 
21. Nf1 Ne8 22. Kh1 Bf6 23. fxg5 Bxg5 24. Qc2 Qg7 25. Qd2 Be7 26. Na4 Bd6 
27. Bd1 h5 28. Re2 Nf6 29. Rg2 Qh6 30. Rc2 Rg7 31. Qe1 Rdg8 32. Nc3 h4 
33. gxh4 f4 34. exf4 Qxf4 35. Ne3 Rxg2 
0-1